000 00374nab a22001097u 4500
008 130520b2010 xxu||||| |||| 00| 0 spa d
041 _aspa
100 1 _aTorres Queiruga, Andrés
_92747
245 0 0 _aAclaraciones a las críticas de René Buchholz y Manfred Görg
_cAndrés Torres Queiruga
773 0 _tConcilium
_gnº335,2010,págs. 161-166
_x0210-1041
_wRev134
942 _cAR
999 _c414894
_d414894